00355pab a2200133 454500008004000000100002300040245004000063260000900103300001300112362001100125650004200136650002800178773001500206180718b2014 xxu||||| |||| 00| 0 eng d aMukherjee, Amitava aWill Mamata learn from her mistake? c2014 ap.27-29. a26 Apr aWest Bengal - Politics and government aPolitics and government aMainstream